Statistics for Biggest City by Canadian "County" on a Map

Click here to take the quiz!

General Stats

  • This quiz has been taken 340 times
  • The average score is 68 of 285

Answers on the Map

Answers color-coded by a green-red scale on the quiz's map according to % correct below.
 

Answer Stats

P/TCensus DivisionPopCity% Correct
BCMetro Vancouver2.26 mVancouver
95%
ONToronto2.73 mToronto
92%
ABDivision No. 111.06 mEdmonton
90%
QCMontréal1.94 mMontréal
89%
ABDivision No. 61.23 mCalgary
88%
BCCapital335 kVictoria
88%
YTYukon21.7 kWhitehorse
87%
MBDivision No. 11705 kWinnipeg
87%
ONOttawa989 kOttawa
86%
QCQuébec531 kQuébec
86%
NSHalifax316 kHalifax
85%
NTFort Smith19.5 kYellowknife
84%
NBSaint John58.3 kSaint John
82%
NLDivision No. 1178 kSt. John's
82%
SKDivision No. 11245 kSaskatoon
81%
NUQikiqtaaluk7.7 kIqaluit
79%
SKDivision No. 6214 kRegina
79%
ONMiddlesex383 kLondon
77%
NLDivision No. 614.1 kGrand Falls-Windsor
76%
ONThunder Bay93.9 kThunder Bay
76%
NSHants3.6 kWindsor
76%
ONEssex276 kWindsor
76%
QCLe Val-Saint-François5.3 kWindsor
76%
ONHamilton693 kHamilton
69%
PEPrince42.4 kCharlottetown
68%
ONAlgoma66.3 kSault Ste. Marie
68%
ABDivision No. 8100 kRed Deer
61%
ONWaterloo233 kKitchener
59%
ONPeel721 kMississauga
59%
NBYork58.2 kFredericton
56%
BCCentral Okanagan127 kKelowna
56%
NBWestmorland71.8 kMoncton
56%
ONGreater Sudbury88.0 kSudbury
56%
BCThompson-Nicola100 kKamloops
54%
ONFrontenac123 kKingston
54%
QCLa Jacques-Cartier6.9 kSainte-Catherine-de-la-Jacques-Cartier
53%
ONNiagara133 kSt. Catherines
53%
QCGatineau276 kGatineau
52%
QCLaval422 kLaval
52%
ONDurham159 kOshawa
52%
QCFrancheville114 kTrois-Rivières
51%
BCFraser-Fort George74.0 kPrince George
50%
BCNanaimo88.7 kNanaimo
49%
ONSimcoe141 kBarrie
48%
ABDivision No. 163.2 kMedicine Hat
48%
NSCape Breton29.9 kSydney
48%
BCFraser Valley141 kAbbotsford
46%
QCSherbrooke139 kSherbrooke
46%
ABDivision No. 292.7 kLethbridge
45%
SKDivision No. 733.8 kMoose Jaw
44%
ONLambton71.5 kSarnia
44%
ABDivision No. 1666.5 kFort McMurray
43%
MBDivision No. 748.8 kBrandon
41%
BCNorth Coast12.2 kPrince Rupert
41%
ONWellington131 kGuelph
40%
ONNipissing51.5 kNorth Bay
39%
QCLe Saguenay-et-son-Fjord106 kSaguenay
39%
ONCochrane41.7 kTimmins
39%
ONPeterborough82.0 kPeterborough
37%
ONHalton183 kBurlington
35%
ONYork328 kMarkham
35%
QCLa Côte-de-Gaspé15.1 kGaspé
33%
ABDivision No. 1963.1 kGrande Prairie
33%
NTInuvik3.2 kInuvik
33%
SKDivision No. 1535.9 kPrince Albert
33%
ONChatham-Kent43.5 kChatham
32%
ONStormont, Dundas and Glengarry46.5 kCornwall
31%
ONKenora15.0 kKenora
31%
QCLévis143 kLévis
31%
ONHastings50.7 kBelleville
30%
ONBrant97.4 kBrantford
29%
NLDivision No. 108.1 kHappy Valley-Goose Bay
29%
QCLongueuil239 kLongueuil
29%
AB/SKDivision No. 10, Division No. 1731.4 kLloydminster
28%
MBDivision No. 2213.6 kThompson
28%
NSColchester12.2 kTruro
28%
BCComox-Strathcona35.1 kCampbell River
27%
ONGrey21.3 kOwen Sound
27%
QCLe Haut-Richelieu84.6 kSaint-Jean-sur-Richelieu
27%
PEQueen14.8 kSummerside
26%
QCLa Vallée-de-l'Or31.8 kVal-d'Or
26%
QCDrummond68.6 kDrummondville
25%
NSYarmouth6.5 kYarmouth
25%
QCRimouski-Neigette36.9 kRimouski
24%
BCNorth Okanagan44.6 kVernon
24%
ABDivision No. 1513.9 kCanmore
22%
NLDivision No. 519.8 kCorner Brook
22%
NBMadawaska16.5 kEdmundston
22%
ONParry Sound6.4 kParry Sound
22%
BCOkanagan-Similkameen32.8 kPenticton
22%
BCCentral Kootenay10.5 kNelson
21%
BCAlberni-Clayoquot17.6 kPort Alberni
21%
ONPerth31.4 kStratford
21%
NBGloucester11.8 kBathurst
20%
BCEast Kootenay19.2 kCranbrook
20%
BCCowichan Valley44.4 kDuncan
20%
SKDivision No. 111.2 kEstevan
20%
BCPeace River19.8 kFort St. John
20%
QCLa Haute-Yamaska60.2 kGranby
20%
ONRenfrew13.8 kPembroke
20%
QCBeauce-Sartigan31.1 kSaint-Georges
20%
QCLa Rivière-du-Nord69.5 kSaint-Jérôme
20%
QCSept-Rivières-Caniapiscau23.3 kSept-Îles
20%
QCShawinigan47.7 kShawinigan
20%
BCSquamish-Lillooet19.5 kSquamish
20%
SKDivision No. 816.6 kSwift Current
20%
ONLeeds and Grenville21.8 kBrockville
19%
SKDivision No. 1613.8 kNorth Battleford
19%
ONElgin38.9 kSt. Thomas
19%
NUKivalliq2.6 kArviat
18%
NUKitikmeot1.7 kCambridge Bay
18%
ONHuron7.6 kGoderich
18%
ONMuskoka19.1 kHuntsville
18%
MBDivision No. 4840Manitou
18%
MBDivision No. 913.3 kPortage la Prairie
18%
QCLa Nouvelle-Beauce12.8 kSainte-Marie
18%
QCLes Maskoutains59.6 kSaint-Hyacinthe
18%
ONTimiskaming9.9 kTemiskaming Shores
18%
QCArthabaska45.3 kVictoriaville
18%
NBCarleton5.2 kWoodstock
18%
ONOxford40.9 kWoodstock
18%
NSCumberland9.4 kAmherst
17%
ONNorthumberland19.4 kCobourg
17%
BCqathet13.1 kPowell River
17%
BCKitimat-Stikine15.5 kTerrace
17%
QCLes Moulins111 kTerrebonne
17%
NBRestigouche6.8 kCampbellton
16%
ABDivision No. 1214.9 kCold Lake
16%
ONRainy River7.7 kFort Frances
16%
NSPictou9.0 kNew Glasgow
16%
QCL'Assomption84.9 kRepentigny
16%
QCBeauharnois-Salaberry42.4 kSalaberry-de-Valleyfield
16%
MBDivision No. 215.5 kThe Pas
16%
MBDivision No. 178.4 kDauphin
15%
BCNorthern Rockies3.3 kFort Nelson
15%
ONKawartha Lakes20.7 kLindsay
15%
BCMount Waddington4.1 kPort Hardy
15%
QCRivière-du-Loup17.0 kRivière-du-Loup
15%
QCRouyn-Noranda42.3 kRouyn-Noranda
15%
BCKootenay Boundary7.7 kTrail
15%
QCLac-Saint-Jean-Est26.0 kAlma
14%
NSAntigonish4.3 kAntigonish
14%
QCCharlevoix7.1 kBaie-Saint-Paul
14%
ONLennox and Addington15.8 kGreater Napanee
14%
QCJoliette19.4 kJoliette
14%
QCMemphrémagog25.2 kMagog
14%
QCLa Mitis6.2 kMont-Joli
14%
ONDufferin28.9 kOrangeville
14%
BCCariboo9.8 kQuesnel
14%
ABDivision No. 96.6 kRocky Mountain House
14%
QCLa Haute-Gaspésie6.9 kSainte-Anne-des-Monts
14%
BCColumbia-Shuswap17.7 kSalmon Arm
14%
MBDivision No. 1310.2 kSelkirk
14%
ONHaldimand-Norfolk13.9 kSimcoe
14%
MBDivision No. 215.8 kSteinbach
14%
SKDivision No. 916.3 kYorkton
14%
SKDivision No. 124.0 kBattleford
13%
NSDigby2.0 kDigby
13%
QCLe Granit5.9 kLac-Mégantic
13%
SKDivision No. 182.6 kLa Ronge
13%
ABDivision No. 176.6 kSlave Lake
13%
ONLanark8.7 kSmiths Falls
13%
MBDivision No. 312.0 kWinkler
13%
BCCentral Coast2.0 kBella Coola
12%
NBVictoria5.3 kGrand Falls
12%
ONHaliburton6.2 kHaliburton
12%
ABDivision No. 42.5 kHanna
12%
NSKings6.2 kKentville
12%
NBNorthumberland17.5 kMiramichi
12%
NBSunbury9.2 kOromocto
12%
ONPrince Edward4.7 kPicton
12%
BCBulkley-Nechako5.3 kSmithers
12%
QCPierre-De Saurel41.7 kSorel-Tracy
12%
ABDivision No. 513.7 kStrathmore
12%
SKDivision No. 210.8 kWeyburn
12%
QCManicouagan9.6 kBaie-Comeau
11%
QCThérèse-De Blainville56.3 kBlainville
11%
QCLa Côte-de-Beaupré4.7 kChâteau-Richer
11%
ONSudbury4.9 kEspanola
11%
MBDivision No. 182.2 kGimli
11%
BCSunshine Coast10.2 kSechelt
11%
NSSherlburne909Shelburne
11%
QCLes Appalaches25.7 kThetford Mines
11%
QCVaudreuil-Soulanges38.1 kVaudreuil-Dorion
11%
QCAbitibi9.4 kAmos
10%
QCLes Sources7.0 kAsbestos
10%
NSLunenburg8.5 kBridgewater
10%
ABDivision No. 33.7 kClaresholm
10%
QCCoaticook8.6 kCoaticook
10%
MBDivision No. 231.2 kGillam
10%
ONPrescott and Russell10.2 kHawkesbury
10%
ABDivision No. 149.8 kHinton
10%
QCLa Tuque11.2 kLa Tuque
10%
NSQueens2.6 kLiverpool
10%
QCLa Matanie14.4 kMatane
10%
QCMirabel50.5 kMirabel
10%
NSInverness3.2 kPort Hawkesbury
10%
NBAlbert19.6 kRiverview
10%
QCDeux-Montagnes44.1 kSaint Eustache
10%
MBDivision No. 63.1 kVirden
10%
ABDivision No. 1310.2 kWhitecourt
10%
QCAvignon3.9 kCarleton-sur-Mer
9%
QCLa Vallée-du-Richelieu30.8 kChambly
9%
QCNord-du-Québec7.5 kChibougamau
9%
ABDivision No. 183.5 kGrande Cache
9%
SKDivision No. 42.0 kMaple Creek
9%
SKDivision No. 54.5 kMelville
9%
QCMontmagny11.4 kMontmagny
9%
NLDivision No. 46.6 kStephenville
9%
NSRichmond2.6 kSt. Peter's
9%
MBDivision No. 204.0 kSwan River
9%
ABDivision No. 76.2 kWainwright
9%
SKDivision No. 32.3 kAssiniboia
8%
NLDivision No. 34.4 kChannel-Port aux Basques
8%
QCRoussillon45.9 kChâteauguay
8%
BCStikine384Dease Lake
8%
QCMaria-Chapdelaine16.0 kDolbeau-Mistassini
8%
SKDivision No. 134.5 kKindersley
8%
QCAbitibi-Ouest7.7 kLa Sarre
8%
NBCharlotte4.4 kSt. Stephen
8%
NSVictoria769Baddeck
7%
QCBrome-Missisquoi12.4 kCowansville
7%
MBDivision No. 10562Elie
7%
QCMinganie-Le Golfe-du-Saint-Laurent3.4 kHavre-Saint-Pierre
7%
QCLe Haut-Saint-Laurent2.4 kHuntingdon
7%
ONManitoulin2.7 kLittle Current
7%
QCLa Vallée-de-la-Gatineau3.9 kManiwaki
7%
SKDivision No. 145.9 kMelfort
7%
NSAnnapolis1.8 kMiddleton
7%
QCAntoine-Labelle13.7 kMont-Laurier
7%
MBDivision No. 154.6 kNeepawa
7%
QCNicolet-Yamaska7.8 kNicolet
7%
QCL'Érable6.6 kPlessisville
7%
MBDivision No. 161.6 kRoblin
7%
QCPapineau3.7 kSaint-André-Avellin
7%
QCLes Laurentides10.2 kSainte-Agathe-des-Monts
7%
QCMarguerite-D'Youville30.1 kSainte-Julie
7%
QCLe Domaine-du-Roy10.4 kSaint-Félicien
7%
NLDivision No. 92.2 kSt. Anthony
7%
MBDivision No. 144.8 kStonewall
7%
QCTémiscamingue2.5 kVille-Marie
7%
QCActon7.6 kActon Vale
6%
QCLa Haute-Côte-Nord3.2 kForestville
6%
MBDivision No. 52.4 kKillarney
6%
QCArgenteuil12.5 kLachute
6%
QCCharlevoix-Est8.1 kLa Malbaie
6%
NLDivision No. 83.4 kLewisporte
6%
QCMaskinongé7.5 kLouiseville
6%
MBDivision No. 124.6 kOakbank
6%
MBDivision No. 11.3 kPinawa
6%
QCMontcalm17.4 kSaint-Lin–Laurentides
6%
ONBruce13.7 kSaugeen Shores
6%
QCLa Matapédia6.3 kAmqui
5%
QCBécancour12.4 kBécancour
5%
NBKent2.3 kBouctouche
5%
QCLes Collines-de-l'Outaouais10.6 kCantley
5%
NLDivision No. 76.2 kClarenville
5%
QCKamouraska4.2 kLa Pocatière
5%
QCD'Autray13.6 kLavaltrie
5%
QCRouville10.0 kMarieville
5%
NLDivision No. 25.3 kMarystown
5%
NSGuysborough722Mulgrave
5%
QCBonaventure3.8 kNew Richmond
5%
MBDivision No. 193.5 kPeguis
5%
NBKings18.2 kQuispamsis
5%
QCMatawinie10.4 kRawdon
5%
QCLes Pays-d'en-Haut12.1 kSainte-Adèle
5%
QCTémiscouata5.0 kTémiscouata-sur-le-Lac
5%
PEKing4.5 kThree Rivers
5%
MBDivision No. 81.7 kTreherne
5%
QCLes Basques3.4 kTrois-Pistoles
5%
SKDivision No. 101.7 kWynyard
5%
QCLe Haut-Saint-François5.4 kCookshire-Eaton
4%
QCPontiac2.2 kMansfield-et-Pontefract
4%
QCL'Île-d'Orléans1.7 kSaint-Pierre-de-l'Île-d'Orléans
4%
QCLes Jardines-de-Napierville7.2 kSaint-Rémi
4%
QCMékinac3.8 kSaint-Tite
4%
QCLe Rocher-Percé7.7 kChandler
3%
QCLes Etchemins4.0 kLac-Etchemin
3%
NBQueens2.3 kMinto
3%
QCBellechasse4.8 kSaint-Henri
3%
QCL'Islet2.6 kSaint-Pamphile
3%
QCPortneuf9.6 kSaint-Raymond
3%
QCRobert-Cliche6.3 kBeaceville
2%
QCLotbinière6.1 kSaint-Apollinaire
2%

Score Distribution

Percentile by Number Answered

Percent of People with Each Score

Your Score History

You have not taken this quiz